00655nam a2200181 a 4500008004100000020001800041050001500059100002000074245020900094250001600303260003100319300003500350350001000385650002500395700002400420700001500444700001400459191202s2017 ||||||||||||||||| || u a9780702054464 aRM 735 Cur aCurtin, Michael10aOccupational theraphy for people experiencing illness, injury or impairment : promoting occupation and participation (seventh edition)cEdited by Michael Curtin ; Mary Egan ; Jo Adams ; Elizabeth Townsend a7th edition aEdinburgh bElsevierc2017 axxi, 818 pages : illustrations a69.09 2aOCCUPATIONAL THERAPY aTownsend, Elizabeth aEgan, Mary aAdams, Jo